| 000 | 00890nam a22002537a 4500 | ||
|---|---|---|---|
| 003 | EG-ScBUE | ||
| 005 | 20220103144358.0 | ||
| 008 | 220103s2011 ua f 000 0bara d | ||
| 017 | _a2012 / 4299 | ||
| 040 |
_aEG-ScBUE _bara _erda _cEG-ScBUE _dEG-ScBUE |
||
| 082 | 0 | 4 |
_222 _a330.092 _bط ل ع |
| 245 | 0 | 0 |
_aطلعت حرب في عيون الصحافة = _bTalaat Harb through the press. |
| 246 | 3 | 1 | _aTalaat Harb through the press |
| 264 | 1 |
_a[القاهرة] : _bبنك مصر، _c[2011] |
|
| 300 |
_a249 صفحة ؛ _c24 سم. |
||
| 336 |
_2rdacontent _aنص _btxt |
||
| 337 |
_2rdamedia _aبدون وسيط _bn |
||
| 338 |
_2rdacarrier _aمجلد _bnc |
||
| 600 | 1 | 7 |
_aحرب، محمد طلعت، _d1867-1941. _2BUEsh |
| 650 | 7 |
_aالاقتصاديون المصريون _vتراجم. _2BUEsh |
|
| 653 |
_bBUSECO _cDecember2021 |
||
| 655 |
_vReading book _934232 |
||
| 942 | _2ddc | ||
| 999 |
_c29731 _d29702 |
||